LDR 01073naa#a2200193#i#450# 001 RU\FGKOU VO SPBU MVD ROSSII\bibl\116456 005 20260701173054.3 011 ## _a2071-8284 100 ## _a20260630b2026####ek#y0rusy0150####ca 101 0# _aRUS 102 ## _aRU 200 1# _aОпыт воспитательной работы с осужденными исламистами в уголовно-исполнительной системе Федеративной Республики Германии _eЖурнальная статья 210 1# _aСанкт-Петербург _cСАНКТ-ПЕТЕРБУРГСКИЙ УНИВЕРСИТЕТ МИНИСТЕРСТВА ВНУТРЕННИХ ДЕЛ РОССИЙСКОЙ ФЕДЕРАЦИИ _d2026 215 ## _a9 с. 608 ## _aЖурнальная статья _2local 675 ## _aСочетание наказаний с воспитательными мерами. 343.242 _zRUS 700 #1 _aКириллова _gТатьяна Васильевна 700 #1 _aВасильева _gИрина Вячеславовна 856 4# _aepinb.ru _u